<?xml version="1.0" encoding="UTF-8"?>
<record
    xmlns:xsi="http://www.w3.org/2001/XMLSchema-instance"
    xsi:schemaLocation="http://www.loc.gov/MARC21/slim http://www.loc.gov/standards/marcxml/schema/MARC21slim.xsd"
    xmlns="http://www.loc.gov/MARC21/slim">

  <leader>01706nam0a2200349   4500</leader>
  <controlfield tag="001">RU\NLR\bibl\151803</controlfield>
  <controlfield tag="005">20260405121029.0</controlfield>
  <datafield tag="010" ind1=" " ind2=" ">
    <subfield code="a">5-88431-0016-1</subfield>
    <subfield code="9">800</subfield>
  </datafield>
  <datafield tag="021" ind1=" " ind2=" ">
    <subfield code="a">RU</subfield>
    <subfield code="b">2001-12716</subfield>
    <subfield code="9">599</subfield>
  </datafield>
  <datafield tag="035" ind1=" " ind2=" ">
    <subfield code="a">(NLR Aleph) 000148810</subfield>
  </datafield>
  <datafield tag="090" ind1=" " ind2=" ">
    <subfield code="a">853573</subfield>
    <subfield code="c">853573</subfield>
  </datafield>
  <datafield tag="100" ind1=" " ind2=" ">
    <subfield code="a">20010426d2000    |||y0rusy50      ca</subfield>
  </datafield>
  <datafield tag="101" ind1="0" ind2=" ">
    <subfield code="a">rus</subfield>
  </datafield>
  <datafield tag="102" ind1=" " ind2=" ">
    <subfield code="a">RU</subfield>
  </datafield>
  <datafield tag="105" ind1=" " ind2=" ">
    <subfield code="a">a   |||||||||</subfield>
  </datafield>
  <datafield tag="200" ind1="1" ind2=" ">
    <subfield code="a">&#x420;&#x44B;&#x431;&#x43E;&#x43B;&#x43E;&#x432;&#x44B; &#x438; &#x43E;&#x445;&#x43E;&#x442;&#x43D;&#x438;&#x43A;&#x438; &#x431;&#x430;&#x441;&#x441;&#x435;&#x439;&#x43D;&#x430; &#x41E;&#x431;&#x438;: &#x43F;&#x440;&#x43E;&#x431;&#x43B;&#x435;&#x43C;&#x44B; &#x444;&#x43E;&#x440;&#x43C;&#x438;&#x440;&#x43E;&#x432;&#x430;&#x43D;&#x438;&#x44F; &#x43A;&#x443;&#x43B;&#x44C;&#x442;&#x443;&#x440;&#x44B; &#x445;&#x430;&#x43D;&#x442;&#x43E;&#x432; &#x438; &#x43C;&#x430;&#x43D;&#x441;&#x438;</subfield>
    <subfield code="f">&#x415;.&#x413;. &#x424;&#x435;&#x434;&#x43E;&#x440;&#x43E;&#x432;&#x430;</subfield>
    <subfield code="g">&#x420;&#x43E;&#x441;. &#x430;&#x43A;&#x430;&#x434;. &#x43D;&#x430;&#x443;&#x43A;, &#x41C;&#x443;&#x437;&#x435;&#x439; &#x430;&#x43D;&#x442;&#x440;&#x43E;&#x43F;&#x43E;&#x43B;&#x43E;&#x433;&#x438;&#x438; &#x438; &#x44D;&#x442;&#x43D;&#x43E;&#x433;&#x440;&#x430;&#x444;&#x438;&#x438; &#x438;&#x43C;. &#x41F;&#x435;&#x442;&#x440;&#x430; &#x412;&#x435;&#x43B;&#x438;&#x43A;&#x43E;&#x433;&#x43E; (&#x41A;&#x443;&#x43D;&#x441;&#x442;&#x43A;&#x430;&#x43C;&#x435;&#x440;&#x430;) &#x438; &#x434;&#x440;.</subfield>
  </datafield>
  <datafield tag="210" ind1=" " ind2=" ">
    <subfield code="a">&#x421;&#x41F;&#x431;.</subfield>
    <subfield code="c">&#x415;&#x432;&#x440;&#x43E;&#x43F;. &#x414;&#x43E;&#x43C;</subfield>
    <subfield code="d">2000</subfield>
  </datafield>
  <datafield tag="215" ind1=" " ind2=" ">
    <subfield code="a">365, [2] &#x441;.</subfield>
    <subfield code="c">&#x438;&#x43B;.</subfield>
    <subfield code="d">22</subfield>
  </datafield>
  <datafield tag="300" ind1=" " ind2=" ">
    <subfield code="a">&#x412; &#x43D;&#x430;&#x434;&#x437;&#x430;&#x433;. &#x442;&#x430;&#x43A;&#x436;&#x435;: &#x410;&#x434;&#x43C;&#x438;&#x43D;&#x438;&#x441;&#x442;&#x440;&#x430;&#x446;&#x438;&#x44F; &#x425;&#x430;&#x43D;&#x442;&#x44B;-&#x41C;&#x430;&#x43D;&#x441;. &#x430;&#x432;&#x442;. &#x43E;&#x43A;&#x440;., &#x41D;&#x418;&#x418; &#x43E;&#x431;&#x441;&#x43A;&#x43E;-&#x443;&#x433;&#x43E;&#x440;&#x441;&#x43A;. &#x43D;&#x430;&#x440;&#x43E;&#x434;&#x43E;&#x432;</subfield>
  </datafield>
  <datafield tag="320" ind1=" " ind2=" ">
    <subfield code="a">&#x411;&#x438;&#x431;&#x43B;&#x438;&#x43E;&#x433;&#x440;.: &#x441;. 338-364</subfield>
  </datafield>
  <datafield tag="606" ind1="0" ind2=" ">
    <subfield code="a">&#x425;&#x430;&#x43D;&#x442;&#x44B;</subfield>
    <subfield code="x">&#x42D;&#x442;&#x43D;&#x43E;&#x433;&#x440;&#x430;&#x444;&#x438;&#x44F;</subfield>
    <subfield code="9">2124234</subfield>
    <subfield code="3">RU\NLR\auth\661282366</subfield>
  </datafield>
  <datafield tag="606" ind1="1" ind2=" ">
    <subfield code="a">&#x425;&#x430;&#x43D;&#x442;&#x44B;</subfield>
    <subfield code="x">&#x42D;&#x442;&#x43D;&#x43E;&#x433;&#x440;&#x430;&#x444;&#x438;&#x447;&#x435;&#x441;&#x43A;&#x438;&#x435; &#x438;&#x441;&#x441;&#x43B;&#x435;&#x434;&#x43E;&#x432;&#x430;&#x43D;&#x438;&#x44F;</subfield>
    <subfield code="9">2612357</subfield>
    <subfield code="3">RU\NLR\AUTH\661548915</subfield>
  </datafield>
  <datafield tag="606" ind1="0" ind2=" ">
    <subfield code="a">&#x41C;&#x430;&#x43D;&#x441;&#x438;</subfield>
    <subfield code="x">&#x42D;&#x442;&#x43D;&#x43E;&#x433;&#x440;&#x430;&#x444;&#x438;&#x447;&#x435;&#x441;&#x43A;&#x438;&#x435; &#x438;&#x441;&#x441;&#x43B;&#x435;&#x434;&#x43E;&#x432;&#x430;&#x43D;&#x438;&#x44F;</subfield>
    <subfield code="9">2073987</subfield>
    <subfield code="3">RU\NLR\auth\661248948</subfield>
  </datafield>
  <datafield tag="686" ind1=" " ind2=" ">
    <subfield code="a">&#x422;52(251.1=&#x425;&#x430;)</subfield>
  </datafield>
  <datafield tag="686" ind1=" " ind2=" ">
    <subfield code="a">&#x422;52(251.1=&#x425;&#x430;2)</subfield>
  </datafield>
  <datafield tag="700" ind1=" " ind2="1">
    <subfield code="4">070</subfield>
    <subfield code="8">rus</subfield>
    <subfield code="7">ca</subfield>
    <subfield code="a">&#x424;&#x435;&#x434;&#x43E;&#x440;&#x43E;&#x432;&#x430;</subfield>
    <subfield code="b">&#x415;. &#x413;.</subfield>
    <subfield code="c">&#x43A;&#x430;&#x43D;&#x434;. &#x438;&#x441;&#x442;. &#x43D;&#x430;&#x443;&#x43A;</subfield>
    <subfield code="g">&#x415;&#x43B;&#x435;&#x43D;&#x430; &#x413;&#x435;&#x43D;&#x43D;&#x430;&#x434;&#x44C;&#x435;&#x432;&#x43D;&#x430;</subfield>
    <subfield code="3">RU\NLR\auth\7747112</subfield>
    <subfield code="9">30047</subfield>
  </datafield>
  <datafield tag="801" ind1=" " ind2="0">
    <subfield code="a">RU</subfield>
    <subfield code="b">NLR</subfield>
    <subfield code="c">20010426</subfield>
    <subfield code="g">PSBO</subfield>
  </datafield>
  <datafield tag="801" ind1=" " ind2="1">
    <subfield code="a">RU</subfield>
    <subfield code="b">NLR</subfield>
    <subfield code="c">20010426</subfield>
  </datafield>
  <datafield tag="942" ind1=" " ind2=" ">
    <subfield code="c">BOOK</subfield>
  </datafield>
  <datafield tag="980" ind1=" " ind2=" ">
    <subfield code="a">NB</subfield>
  </datafield>
  <datafield tag="995" ind1=" " ind2=" ">
    <subfield code="5">2001-04-26</subfield>
    <subfield code="a">ab</subfield>
    <subfield code="b">NLR01</subfield>
    <subfield code="c">NLR01</subfield>
    <subfield code="e">RF8</subfield>
    <subfield code="f">1-1662900</subfield>
    <subfield code="k">2001-5/959</subfield>
    <subfield code="o">0</subfield>
    <subfield code="r">BOOK</subfield>
    <subfield code="s">20015959_</subfield>
  </datafield>
  <datafield tag="995" ind1=" " ind2=" ">
    <subfield code="5">2001-11-19</subfield>
    <subfield code="a">ad</subfield>
    <subfield code="b">NLR01</subfield>
    <subfield code="c">NLR01</subfield>
    <subfield code="e">RF8</subfield>
    <subfield code="f">186854</subfield>
    <subfield code="k">2001-5/959</subfield>
    <subfield code="o">0</subfield>
    <subfield code="r">BOOK</subfield>
    <subfield code="s">20015959_</subfield>
  </datafield>
  <datafield tag="995" ind1=" " ind2=" ">
    <subfield code="5">2001-11-19</subfield>
    <subfield code="a">ad</subfield>
    <subfield code="b">NLR01</subfield>
    <subfield code="c">NLR01</subfield>
    <subfield code="e">OBM</subfield>
    <subfield code="f">186855</subfield>
    <subfield code="o">0</subfield>
    <subfield code="r">BOOK</subfield>
  </datafield>
</record>
